000 00656nam a2200205 a 4500
005 20240925063828.0
008 100902s2008 es r 000 0 spa d
020 _a9788478276493
035 _aUPN01000177662
049 _aCG
050 4 _aQA8.4
_bC6.5
100 1 _aCorbalán Yuste, Fernando,
_d1948-
_936229
245 1 4 _aLas matemáticas de los no matemáticos /
_cFernando Corbalán.
260 _aBarcelona, Esp. :
_bGraó,
_c2008.
300 _a119 p. :
_bil.
440 0 _aBiblioteca de uno.
_pDidáctica de las matemáticas ;
_v252
650 2 _aMatemáticas
_xFilosofía
_914449
650 2 _aInvestigación matemática
_914363
905 _aLibro
999 _c149765
_d149765